| Tag |
First Indicator |
Second Indicator |
Subfields |
| LEADER |
00000uam a2200000 a 4500 |
| 001 |
in00004236213 |
| 005 |
20260123214352.8 |
| 006 |
m o d |
| 007 |
cr cn |
| 008 |
270813s2011 xx o eng |
| 020 |
|
|
|z 9780080966410
|
| 020 |
|
|
|z 9780080966403
|
| 035 |
|
|
|a (CaSebORM)9780080966403
|
| 040 |
|
|
|d UtOrBLW
|
| 041 |
0 |
|
|a eng
|
| 100 |
1 |
|
|a Jones, Morgan,
|e author.
|0 http://id.loc.gov/authorities/names/n96007176
|
| 245 |
1 |
0 |
|a Valve Amplifiers, 4th Edition /
|c Jones, Morgan.
|
| 250 |
|
|
|a 4th edition.
|
| 264 |
|
1 |
|b Newnes,
|c 2011.
|
| 300 |
|
|
|a 1 online resource (700 pages)
|
| 336 |
|
|
|a text
|b txt
|2 rdacontent
|
| 337 |
|
|
|a computer
|b c
|2 rdamedia
|
| 338 |
|
|
|a online resource
|b cr
|2 rdacarrier
|
| 347 |
|
|
|a text file
|
| 520 |
|
|
|a Valve Amplifiers has been recognized as the most comprehensive guide to valve amplifier design, analysis, modification and maintenance. It provides a detailed presentation of the rudiments of electronics and valve design for engineers and non-experts. The source also covers design principles and construction techniques to help end users build their own tool from scratch designs that work. The author's approach walks the reader through each step of designing and constructing, starting with an overview of the essential working principles of valve amplifiers, the simple and complex stages, the process of linking the stages, and completing the design. The book is comprised of seven chapters all of which include a DIY guide discussion of practical aspects. The text starts with familiarization of the fundamentals of electronics, which are essential for designing and building valve amplifiers. Particular attention has been paid to providing solutions for questions that are commonly asked and faced by beginners in valve designing and construction. Valve Amplifiers is a masterful hands-on guide for both experts and novices who work with tube audio equipment, and for electronic hobbyists, audio engineers, and audiophiles. The practical guide to analysis, modification, design, construction and maintenance of valve amplifiers The fully up-to-date approach to valve electronics Essential reading for audio designers and music and electronics enthusiasts alike
|
| 533 |
|
|
|a Electronic reproduction.
|b Boston, MA :
|c Safari,
|n Available via World Wide Web.
|d 2012.
|
| 538 |
|
|
|a Mode of access: World Wide Web.
|
| 542 |
|
|
|f Copyright Elsevier Science & Technology
|g 2012
|
| 588 |
|
|
|a Online resource; Title from title page (viewed October 14, 2011)
|
| 500 |
|
|
|a Electronic resource.
|
| 655 |
|
7 |
|a Electronic books.
|2 local
|
| 710 |
2 |
|
|a Safari, an O'Reilly Media Company.
|
| 856 |
4 |
0 |
|u https://proxy.library.tamu.edu/login?url=https://go.oreilly.com/TAMU/library/view/-/9780080966403/?ar
|z Connect to this electronic resource
|t 0
|
| 999 |
f |
f |
|s 9f68666f-d2c4-38dc-9cef-4fa8d524acf4
|i 744a7f3b-8764-3b50-bbca-11fc40f5d307
|t 0
|
| 952 |
f |
f |
|a Texas A&M University
|b College Station
|c Electronic Resources
|s www_evans
|d Available Online
|t 0
|h No information provided
|
| 998 |
f |
f |
|t 0
|l Available Online
|